Aqueous polymeric coatings for pharmaceutical dosage forms /

Bibliographic Details
Other Authors: McGinity, James W., Felton, Linda A.
Format: Book
Language:English
Published: New York : Informa Healthcare, [2008]
Edition:Third edition.
Series:Drugs and the pharmaceutical sciences ; v. 176.
Subjects:

MARC

Tag First Indicator Second Indicator Subfields
LEADER 00000cam a22000004a 4500
001 in00004509021
005 20210818135428.0
008 070809s2008 nyua b 001 0 eng
010 |a  2007033150 
016 7 |a 101313884  |2 DNLM 
019 |a 144228318 
020 |a 9780849387890 (hardcover : alk. paper) 
020 |a 0849387892 (hardcover : alk. paper) 
029 1 |a NLM  |b 101313884 
029 1 |a AU@  |b 000042110304 
035 |a (OCoLC)ocn164803081 
035 |a (OCoLC)164803081  |z (OCoLC)144228318 
035 |z (UtOrBLW)45847 
035 |a 66015 
040 |a DNLM/DLC  |c DLC  |d NLM  |d BTCTA  |d BAKER  |d YDXCP  |d C#P  |d BWX  |d IXA  |d TMV  |d UtOrBLW 
042 |a pcc 
049 |a TMVM  |c 1 
050 0 0 |a RS199.C63  |b A67 2008 
060 0 0 |a W1  |b DR893B v.176 2008 
060 1 0 |a QV 785  |b A656 2008 
060 4 |a QV 785  |b A656 2008 
082 0 0 |a 615/.19  |2 22 
245 0 0 |a Aqueous polymeric coatings for pharmaceutical dosage forms /  |c edited by James W. McGinity, Linda A. Felton. 
250 |a Third edition. 
264 1 |a New York :  |b Informa Healthcare,  |c [2008] 
264 4 |c ©2008 
300 |a x, 488 pages :  |b illustrations ;  |c 24 cm. 
336 |a text  |2 rdacontent  |b txt 
337 |a unmediated  |2 rdamedia 
338 |a volume  |2 rdacarrier  |b nc 
490 1 |a Drugs and the pharmaceutical sciences ;  |v 176 
504 |a Includes bibliographical references and index. 
650 0 |a Drugs  |x Coatings. 
650 0 |a Aqueous polymeric coatings in pharmaceutical technology. 
650 2 |a Dosage Forms. 
650 2 |a Polymers  |x therapeutic use. 
700 1 |a McGinity, James W. 
700 1 |a Felton, Linda A. 
830 0 |a Drugs and the pharmaceutical sciences ;  |v v. 176. 
948 |a AE: QV 785 A656 1997 (3/5,2/2004); 1989 (3/2,n.d.) 
999 |a MARS 
999 f f |s 771859df-27e0-35a7-9414-8243fbfbe55b  |i e438a8b3-3490-3819-b2b6-0f6fe0e64c13  |t 0 
952 f f |p ric  |a Texas A&M University  |b Rellis Campus  |c Joint Library Facility  |d Remote Storage  |t 0  |e QV 785 A656 2008  |h National Library of Medicine classification  |i unmediated -- volume  |m 323890204001W 
998 f f |a QV 785 A656 2008  |t 0  |l Remote Storage